Los acuerdos del estado con las iglesias en Alemania

Saved in:
Bibliografiske detaljer
Hovedforfatter: Rossell Granados, Jaime (Author)
Format: Bog
Sprog:spansk
Udgivet: Madrid Centro de Estudios Constitucionales 1997
Serier:Cuadernos y Debates, 67
Fag:
Tags: Tilføj Tag
Ingen Tags, Vær først til at tagge denne postø!

MARC

LEADER 00000nam a2200000 a 4500
001 UCL4008
003 CL-VaPUC
008 031219e19970000SP |||||||||||||||||spa|d
020 |a 8425910234 
082 0 4 |a 262.9  |b ROS  |2 21 
100 0 |a Rossell Granados, Jaime  |e author  |9 481465 
245 1 4 |a Los acuerdos del estado con las iglesias en Alemania 
300 |a 136 p 
942 |c BK 
945 |d 20031219 00:00:00  |a cmena 
260 |a Madrid  |b Centro de Estudios Constitucionales  |c 1997 
650 0 |a Derecho eclesiástico  |9 255055 
650 0 |a Iglesia y Estado  |9 254995 
650 7 |a LIBERTAD RELIGIOSA  |2 CL-VaPUC  |9 481466 
651 0 |a Alemania  |9 255688 
583 |a last modification  |c 20031219 00:00:00  |k Rodrigo Vera 
490 0 |a Cuadernos y Debates, 67 
999 |c 306967  |d 306965 
952 |0 0  |1 0  |4 0  |6 262_900000000000000_ROS_1997  |7 0  |8 A  |9 372427  |a BIBDER  |b BIBDER  |d 2019-11-21  |i 391884K  |o 262.9 ROS 1997  |p 391884K  |r 2023-01-25  |w 2019-11-21  |y BK  |k DER